[Event "3eme tournoi de MI de JUVISY"]
[Site "Juvisy/Orge, France"]
[Date "2019.07.06"]
[Round "8.4"]
[White "NGUYEN, Vincent"]
[Black "MOUHAMAD, Joachim"]
[Result "1/2-1/2"]
[WhiteElo "2315"]
[BlackElo "2302"]
[PlyCount "97"]
[EventDate "2019.??.??"]
[WhiteTeam "Juvisy"]
[BlackTeam "Clichy echecs 92"]
[TimeControl "6600+1115"]
[WhiteClock "0:34:51"]
[BlackClock "0:20:31"]

1. e4 {[%emt 0:15:49]} e5 {[%emt 0:00:35]} 2. Nf3 {[%emt 0:00:07]} Nc6 {[%emt
0:00:15]} 3. Bc4 {[%emt 0:00:06]} Be7 {[%emt 0:00:43]} 4. d3 {[%emt 0:01:24]}
Nf6 {[%emt 0:00:11]} 5. a4 {[%emt 0:00:07]} O-O {[%emt 0:00:38]} 6. O-O {[%emt
0:00:07]} d5 {[%emt 0:00:14]} 7. exd5 {[%emt 0:01:05]} Nxd5 {[%emt 0:00:02]} 8.
h3 {[%emt 0:00:39]} Kh8 {[%emt 0:01:23]} 9. Re1 {[%emt 0:00:24]} f6 {[%emt 0:
00:06]} 10. c3 {[%emt 0:09:32]} Be6 {[%emt 0:00:50]} 11. b4 {[%emt 0:05:59]}
Qd7 {[%emt 0:04:23]} 12. Qb3 {[%emt 0:03:24]} Rad8 {[%emt 0:00:40]} 13. Ra2 {
[%emt 0:00:45]} Rfe8 {[%emt 0:07:12]} 14. a5 {[%emt 0:04:18]} a6 {[%emt 0:05:
06]} 15. b5 {[%emt 0:00:45]} axb5 {[%emt 0:00:23]} 16. Qxb5 {[%emt 0:00:16]}
Bf8 {[%emt 0:06:53]} 17. Bd2 {[%emt 0:06:52]} Ra8 {[%emt 0:18:53]} 18. Ra4 {
[%emt 0:14:22]} Ra7 {[%emt 0:02:20]} 19. d4 {[%emt 0:04:57]} Rea8 {[%emt 0:11:
13]} 20. dxe5 {[%emt 0:19:05]} Nxe5 {[%emt 0:00:17]} 21. Nxe5 {[%emt 0:00:36]}
fxe5 {[%emt 0:01:06]} 22. Rxe5 {[%emt 0:03:07]} c6 {[%emt 0:03:40]} 23. Qb2 {
[%emt 0:00:18]} Bd6 {[%emt 0:02:23]} 24. Re1 {[%emt 0:00:45]} b5 {[%emt 0:01:
09]} 25. Bxd5 {[%emt 0:00:32]} Bxd5 {[%emt 0:01:26]} 26. Rg4 {[%emt 0:00:57]}
Be6 {[%emt 0:07:04]} 27. Rge4 {[%emt 0:03:30]} Bc4 {[%emt 0:04:05]} 28. Be3 {
[%emt 0:04:42]} Rxa5 {[%emt 0:00:13]} 29. Bd4 {[%emt 0:00:26]} c5 {[%emt 0:01:
00]} 30. Be5 {[%emt 0:00:04]} Bxe5 {[%emt 0:00:50]} 31. Rxe5 {[%emt 0:00:04]}
Ra2 {[%emt 0:00:34]} 32. Qc1 {[%emt 0:00:18]} Rf8 {[%emt 0:02:00]} 33. f3 {
[%emt 0:03:05]} h6 {[%emt 0:01:31]} 34. Qe3 {[%emt 0:00:53]} Qf7 {[%emt 0:05:
20]} 35. Qxc5 {[%emt 0:05:21]} Rfa8 {[%emt 0:01:16]} 36. Qd6 {[%emt 0:01:48]}
Kh7 {[%emt 0:01:48]} 37. R5e4 {[%emt 0:09:12]} R8a6 {[%emt 0:00:13]} 38. Qd4 {
[%emt 0:00:33]} Rg6 {[%emt 0:00:19]} 39. Rg4 {[%emt 0:00:50]} h5 {[%emt 0:00:
29]} 40. Rxg6 {[%emt 0:02:10]} Qxg6 {[%emt 0:00:02]} 41. Nd2 {[%emt 0:02:37]}
Bd3 {[%emt 0:16:40]} 42. Qf4 {[%emt 0:07:05]} Qb6+ {[%emt 0:01:46]} 43. Kh2 {
[%emt 0:02:21]} Qf2 {[%emt 0:00:18]} 44. Re6 {[%emt 0:03:53]} Qxd2 {[%emt 0:10:
16]} 45. Rh6+ {[%emt 0:00:07]} gxh6 {[%emt 0:00:14]} 46. Qf7+ {[%emt 0:00:03]}
Kh8 {[%emt 0:00:05]} 47. Qf8+ {[%emt 0:00:05]} Kh7 {[%emt 0:00:03]} 48. Qf7+ {
[%emt 0:00:04]} Kh8 {[%emt 0:00:04]} 49. Qf8+ {[%emt 0:01:10]} 1/2-1/2

[Event "3eme tournoi de MI de JUVISY"]
[Site "Juvisy/Orge, France"]
[Date "2019.07.07"]
[Round "9.5"]
[White "MSELLEK, Ilyass"]
[Black "HARUTYUNYAN, Ruben"]
[Result "1/2-1/2"]
[WhiteElo "2321"]
[BlackElo "2400"]
[PlyCount "107"]
[EventDate "2019.??.??"]
[WhiteTeam "Tremblay"]
[BlackTeam "Clichy Echecs 92"]

1. d4 d5 2. c4 c6 3. Nf3 Nf6 4. Nc3 a6 5. c5 g6 6. Bf4 Bg7 7. h3 O-O 8. e3 Nbd7
9. Be2 Ne8 10. e4 dxe4 11. Nxe4 Nc7 12. O-O Nd5 13. Bc4 N7f6 14. Nxf6+ Bxf6 15.
Be5 Be6 16. Qc2 Bxe5 17. dxe5 Kg7 18. Ng5 h6 19. Nxe6+ fxe6 20. Bxd5 exd5 21.
Qc3 Kh7 22. Qb3 Rb8 23. e6 Rf5 24. Qg3 Rc8 25. Rfe1 Qf8 26. Re5 Rxe5 27. Qxe5
Qf6 28. Qe2 Kg7 29. Rb1 Kf8 30. b4 Kg7 31. a4 Qc3 32. Qb2 Qxb2 33. Rxb2 Kf6 34.
Re2 a5 35. bxa5 Ra8 36. Rb2 Rxa5 37. Rxb7 Rxc5 38. Ra7 Kxe6 39. a5 Kf5 40. a6
Ra5 41. Kf1 d4 42. Rd7 d3 43. Rxd3 Ra1+ 44. Ke2 Ra2+ 45. Rd2 Rxa6 46. Rd8 Ra1
47. g3 c5 48. Rc8 Rc1 49. Kd2 Rc4 50. Kd3 Rd4+ 51. Ke3 Rc4 52. Kd3 Rd4+ 53. Ke3
Rc4 54. Kd3 1/2-1/2

[Event "3eme tournoi de MI de JUVISY"]
[Site "Juvisy/Orge, France"]
[Date "2019.07.07"]
[Round "9.1"]
[White "MOUHAMAD, Joachim"]
[Black "ONKOUD, Abdelaziz"]
[Result "1/2-1/2"]
[WhiteElo "2302"]
[BlackElo "2328"]
[PlyCount "65"]
[EventDate "2019.??.??"]
[WhiteTeam "Clichy Echecs 92"]
[BlackTeam "Livry Gargan"]
[TimeControl "6600+1025"]
[WhiteClock "0:06:43"]
[BlackClock "0:45:33"]

1. e4 {[%emt 0:00:02]} d6 {[%emt 0:01:00]} 2. d4 {[%emt 0:00:09]} g6 {[%emt 0:
00:05]} 3. Nc3 {[%emt 0:00:10]} Bg7 {[%emt 0:00:05]} 4. Nf3 {[%emt 0:00:09]} a6
{[%emt 0:00:16]} 5. Bd3 {[%emt 0:00:19]} e6 {[%emt 0:00:25]} 6. O-O {[%emt 0:
01:09]} Ne7 {[%emt 0:00:08]} 7. e5 {[%emt 0:00:38]} Nd7 {[%emt 0:00:44]} 8.
exd6 {[%emt 0:11:09]} cxd6 {[%emt 0:00:31]} 9. Ne4 {[%emt 0:00:51]} Qc7 {[%emt
0:01:00]} 10. Bf4 {[%emt 0:04:13]} e5 {[%emt 0:00:43]} 11. dxe5 {[%emt 0:07:15]
} dxe5 {[%emt 0:00:17]} 12. Bg5 {[%emt 0:17:35]} f6 {[%emt 0:07:53]} 13. Nd6+ {
[%emt 0:04:47]} Kf8 {[%emt 0:02:27]} 14. Nxc8 {[%emt 0:04:16]} Rxc8 {[%emt 0:
00:17]} 15. Bd2 {[%emt 0:07:52]} Kf7 {[%emt 0:02:03]} 16. b3 {[%emt 0:01:18]}
Rhd8 {[%emt 0:00:39]} 17. Bc4+ {[%emt 0:02:11]} Ke8 {[%emt 0:01:56]} 18. Rc1 {
[%emt 0:01:57]} b5 {[%emt 0:04:14]} 19. Be2 {[%emt 0:04:55]} Nc5 {[%emt 0:01:
52]} 20. Qe1 {[%emt 0:00:51]} Qb7 {[%emt 0:16:41]} 21. Ba5 {[%emt 0:02:11]} Rd7
{[%emt 0:02:03]} 22. b4 {[%emt 0:12:03]} Ne6 {[%emt 0:01:40]} 23. c4 {[%emt 0:
00:13]} Nf4 {[%emt 0:00:58]} 24. g3 {[%emt 0:03:25]} Nxe2+ {[%emt 0:07:36]} 25.
Qxe2 {[%emt 0:00:02]} bxc4 {[%emt 0:00:19]} 26. Nd2 {[%emt 0:01:39]} c3 {[%emt
0:03:20]} 27. Ne4 {[%emt 0:00:29]} Nf5 {[%emt 0:03:53]} 28. Rxc3 {[%emt 0:12:
28]} Rxc3 {[%emt 0:04:59]} 29. Nxc3 {[%emt 0:00:04]} Nd4 {[%emt 0:00:28]} 30.
Qe4 {[%emt 0:00:09]} f5 {[%emt 0:01:30]} 31. Qxb7 {[%emt 0:00:16]} Rxb7 {[%emt
0:00:02]} 32. Nd5 {[%emt 0:03:37]} Kd7 {[%emt 0:00:43]} 33. Kg2 {[%emt 0:01:57]
} 1/2-1/2

[Event "3eme tournoi de MI de JUVISY"]
[Site "Juvisy/Orge, France"]
[Date "2019.07.07"]
[Round "9.3"]
[White "DELORME, Alban"]
[Black "LAZO, Andrei"]
[Result "0-1"]
[WhiteElo "2327"]
[BlackElo "2279"]
[PlyCount "68"]
[EventDate "2019.??.??"]
[WhiteTeam "Echecs 16"]
[BlackTeam "Canal St Martin"]
[TimeControl "6600+1635"]
[WhiteClock "0:23:49"]
[BlackClock "0:05:40"]

1. e4 {[%emt 0:30:55]} e6 {[%emt 0:00:06]} 2. d4 {[%emt 0:00:07]} d5 {[%emt 0:
00:05]} 3. Nc3 {[%emt 0:00:07]} Nf6 {[%emt 0:00:06]} 4. Bg5 {[%emt 0:00:07]}
dxe4 {[%emt 0:00:05]} 5. Nxe4 {[%emt 0:00:05]} Be7 {[%emt 0:00:05]} 6. Bxf6 {
[%emt 0:00:08]} gxf6 {[%emt 0:00:05]} 7. Nf3 {[%emt 0:00:06]} f5 {[%emt 0:00:
05]} 8. Nc3 {[%emt 0:00:09]} a6 {[%emt 0:00:05]} 9. Qd2 {[%emt 0:04:13]} b5 {
[%emt 0:01:39]} 10. O-O-O {[%emt 0:00:24]} Bb7 {[%emt 0:00:06]} 11. Kb1 {[%emt
0:01:17]} Qd6 {[%emt 0:05:46]} 12. Qh6 {[%emt 0:05:51]} Nd7 {[%emt 0:00:33]}
13. Bd3 {[%emt 0:01:12]} b4 {[%emt 0:11:47]} 14. Na4 {[%emt 0:01:17]} O-O-O {
[%emt 0:06:59]} 15. Rhe1 {[%emt 0:00:08]} Rdg8 {[%emt 0:03:47]} 16. Nc5 {[%emt
0:00:35]} Nxc5 {[%emt 0:02:18]} 17. dxc5 {[%emt 0:00:02]} Qxc5 {[%emt 0:00:17]}
18. Ne5 {[%emt 0:00:13]} Bd6 {[%emt 0:27:40]} 19. Nxf7 {[%emt 0:04:21]} Rg6 {
[%emt 0:00:24]} 20. Qh5 {[%emt 0:02:16]} Rhg8 {[%emt 0:03:02]} 21. Qxh7 {[%emt
0:03:10]} R8g7 {[%emt 0:04:19]} 22. Qh5 {[%emt 0:03:24]} Kb8 {[%emt 0:12:36]}
23. Nd8 {[%emt 0:01:45]} Bd5 {[%emt 0:02:06]} 24. Bxa6 {[%emt 0:06:02]} Be7 {
[%emt 0:00:47]} 25. Rxd5 {[%emt 0:01:57]} exd5 {[%emt 0:06:19]} 26. Ne6 {[%emt
0:02:16]} Qxf2 {[%emt 0:00:36]} 27. Qd1 {[%emt 0:02:32]} Rh7 {[%emt 0:02:38]}
28. Bb5 {[%emt 0:06:24]} Rxg2 {[%emt 0:04:24]} 29. Nd4 {[%emt 0:05:10]} Qd2 {
[%emt 0:00:41]} 30. Qxd2 {[%emt 0:03:06]} Rxd2 {[%emt 0:00:07]} 31. c3 {[%emt
0:00:38]} Rhxh2 {[%emt 0:05:38]} 32. Rg1 {[%emt 0:03:22]} Rxb2+ {[%emt 0:01:52]
} 33. Kc1 {[%emt 0:00:02]} bxc3 {[%emt 0:03:17]} 34. a4 {[%emt 0:01:20]} Bg5+ {
[%emt 0:00:25]} 0-1

[Event "3eme tournoi de MI de JUVISY"]
[Site "Juvisy/Orge, France"]
[Date "2019.07.07"]
[Round "9.2"]
[White "BELKHODJA, Slim"]
[Black "NGUYEN, Vincent"]
[Result "1/2-1/2"]
[WhiteElo "2416"]
[BlackElo "2315"]
[PlyCount "117"]
[EventDate "2019.??.??"]
[WhiteTeam "J.E.E.N"]
[BlackTeam "Juvisy"]
[TimeControl "6600+770"]
[WhiteClock "1:01:47"]
[BlackClock "0:34:05"]

1. e4 {[%emt 0:00:08]} e6 {[%emt 0:00:06]} 2. Qe2 {[%emt 0:00:08]} Nc6 {[%emt
0:02:24]} 3. Nf3 {[%emt 0:02:12]} e5 {[%emt 0:00:08]} 4. g3 {[%emt 0:00:38]}
Bc5 {[%emt 0:00:37]} 5. Bg2 {[%emt 0:00:18]} d6 {[%emt 0:00:47]} 6. c3 {[%emt
0:00:53]} a5 {[%emt 0:07:37]} 7. O-O {[%emt 0:02:51]} Bg4 {[%emt 0:00:26]} 8.
h3 {[%emt 0:00:07]} Bh5 {[%emt 0:00:38]} 9. g4 {[%emt 0:08:58]} Bg6 {[%emt 0:
00:25]} 10. Rd1 {[%emt 0:03:50]} Bb6 {[%emt 0:07:41]} 11. d4 {[%emt 0:04:05]}
f6 {[%emt 0:00:18]} 12. Na3 {[%emt 0:01:34]} Qe7 {[%emt 0:05:00]} 13. Nc4 {
[%emt 0:00:38]} Ba7 {[%emt 0:00:20]} 14. d5 {[%emt 0:04:01]} Nd8 {[%emt 0:01:
31]} 15. Nh4 {[%emt 0:00:21]} Qd7 {[%emt 0:02:28]} 16. Be3 {[%emt 0:07:41]}
Bxe3 {[%emt 0:01:05]} 17. fxe3 {[%emt 0:02:27]} b6 {[%emt 0:03:44]} 18. b4 {
[%emt 0:00:45]} Nb7 {[%emt 0:00:29]} 19. Kh2 {[%emt 0:03:04]} Nh6 {[%emt 0:12:
28]} 20. Nd2 {[%emt 0:03:02]} Nf7 {[%emt 0:02:00]} 21. Nf1 {[%emt 0:00:27]} Ng5
{[%emt 0:13:20]} 22. Ng3 {[%emt 0:02:54]} Qa4 {[%emt 0:03:59]} 23. a3 {[%emt 0:
02:25]} Qd7 {[%emt 0:04:12]} 24. Rf1 {[%emt 0:01:16]} Rg8 {[%emt 0:02:10]} 25.
Nhf5 {[%emt 0:00:59]} Bxf5 {[%emt 0:03:33]} 26. Rxf5 {[%emt 0:02:50]} h6 {
[%emt 0:00:37]} 27. h4 {[%emt 0:00:32]} Nh7 {[%emt 0:00:36]} 28. Bh3 {[%emt 0:
00:32]} g5 {[%emt 0:05:41]} 29. Nh5 {[%emt 0:00:30]} Rg6 {[%emt 0:00:33]} 30.
Raf1 {[%emt 0:07:56]} Ke7 {[%emt 0:00:53]} 31. R5f2 {[%emt 0:00:58]} Qe8 {
[%emt 0:07:35]} 32. Qc4 {[%emt 0:02:03]} Qd7 {[%emt 0:00:39]} 33. Ng3 {[%emt 0:
03:36]} Nd8 {[%emt 0:07:06]} 34. Nf5+ {[%emt 0:03:10]} Ke8 {[%emt 0:00:09]} 35.
h5 {[%emt 0:00:17]} Rg8 {[%emt 0:00:04]} 36. Nxh6 {[%emt 0:00:20]} Rf8 {[%emt
0:00:06]} 37. Rc1 {[%emt 0:03:09]} Rh8 {[%emt 0:01:27]} 38. Nf5 {[%emt 0:01:43]
} Kf7 {[%emt 0:00:47]} 39. Bf1 {[%emt 0:00:32]} Nf8 {[%emt 0:00:53]} 40. Kg3 {
[%emt 0:00:20]} Rh7 {[%emt 0:05:30]} 41. Qb5 {[%emt 0:00:48]} Qc8 {[%emt 0:00:
13]} 42. Rfc2 {[%emt 0:02:49]} Nb7 {[%emt 0:01:36]} 43. Bc4 {[%emt 0:02:13]}
Rh8 {[%emt 0:07:04]} 44. Ba2 {[%emt 0:00:10]} Nd7 {[%emt 0:00:24]} 45. Qd3 {
[%emt 0:00:16]} Ra7 {[%emt 0:00:23]} 46. Kf3 {[%emt 0:01:27]} Qa8 {[%emt 0:00:
13]} 47. Bc4 {[%emt 0:00:39]} Nf8 {[%emt 0:01:03]} 48. Bb5 {[%emt 0:00:08]} Qc8
{[%emt 0:01:06]} 49. Bc6 {[%emt 0:02:15]} Nd8 {[%emt 0:01:25]} 50. Bb5 {[%emt
0:05:44]} Nb7 {[%emt 0:00:07]} 51. c4 {[%emt 0:00:32]} Nd7 {[%emt 0:00:28]} 52.
Qb3 {[%emt 0:00:27]} Kf8 {[%emt 0:04:06]} 53. Bxd7 {[%emt 0:03:16]} Qxd7 {
[%emt 0:00:04]} 54. c5 {[%emt 0:00:10]} dxc5 {[%emt 0:06:14]} 55. bxc5 {[%emt
0:00:43]} bxc5 {[%emt 0:00:03]} 56. Rxc5 {[%emt 0:00:53]} Nxc5 {[%emt 0:00:04]}
57. Qb8+ {[%emt 0:00:31]} Qe8 {[%emt 0:00:04]} 58. Qxa7 {[%emt 0:00:15]} Nb3 {
[%emt 0:00:56]} 59. Qxc7 {[%emt 0:00:29]} 1/2-1/2